|
|
|
|
| LEADER |
00000nab#a22000007a#4500 |
| 001 |
arbauad000765 |
| 003 |
AR-BaUAD |
| 005 |
20250711110411.0 |
| 008 |
930617|||||||||###||||||b###|0###a|spa|| |
| 040 |
|
|
|a AR-BaUAD
|c AR-BaUAD
|b spa
|
| 245 |
1 |
0 |
|a Banco de Londres y América del Sur
|
| 300 |
0 |
|
|b cortes, croquis, detalles, fot., plantas, vistas
|
| 653 |
|
|
|a SEPRA
|
| 653 |
|
|
|a SANCHEZ ELIA, SANTIAGO
|
| 653 |
|
|
|a PERALTA RAMOS, FEDERICO
|
| 653 |
|
|
|a AGOSTINI, ALFREDO
|
| 653 |
|
|
|a TESTA, CLORINDO
|
| 653 |
|
|
|a ARQUITECTURA BANCARIA
|
| 653 |
|
|
|a BANCOS
|
| 653 |
|
|
|a BANCO DE LONDRES
|
| 653 |
|
|
|a ARGENTINA
|
| 653 |
|
|
|a BUENOS AIRES, CIUDAD
|
| 653 |
|
|
|a ARGENTINA
|
| 773 |
0 |
|
|t SUMMA
|g no. 6-7 [dic. 1966], p. 27-46
|
| 942 |
|
|
|c ARTI
|
| 952 |
|
|
|0 0
|1 0
|4 0
|7 0
|9 45686
|a AR-BAuAD
|b AR-BAuAD
|d 2025-07-11
|l 0
|p AAQA000765
|r 2025-07-11 11:04:11
|w 2025-07-11
|y ARTI
|
| 990 |
|
|
|a AQ196
|b TD
|
| 998 |
|
|
|a AAQ
|b BIBUN76
|
| 999 |
|
|
|c 25359
|d 25359
|